| 000 | 10860nam a22006977a 4500 | ||
|---|---|---|---|
| 005 | 20080811110210.0 | ||
| 008 | 080811t xxu||||| |||| 00| 0 hin d | ||
| 010 | _aHIN-83896 B-323405-439 | ||
| 020 |
_a8186253122 _c200.00 |
||
| 035 | _aHN-56242 | ||
| 035 | _aB-323405-439 | ||
| 037 | _bDBAD / PUB | ||
| 040 |
_aDPL _bHN |
||
| 082 | _a840.8 | ||
| 100 | _aमुशर्रफ़ आलम जौकी | ||
| 245 |
_aउर्दू साहित्य संवाद के सात रंग / _cमुशर्रफ आलम जौ़क़ी |
||
| 246 |
_aUrdu sahitya samvad ke sat rang _bby Musharruf Alam Jauki |
||
| 260 |
_aदिल्ली _bसंस्कृति साहित्य _c2007 |
||
| 270 |
_a30/35A,Shop No.2, Gali No 9, Vishvas Nagar, _bDelhi _e110032 |
||
| 300 |
_a128पृ. _c22 सेमी (सजिल्द) |
||
| 650 |
_aऊर्दू साहित्य _xआलोचना |
||
| 650 |
_aUrdu Literature _xCriticism |
||
| 942 |
_2ddc _cHN _h840.8 _mमुशर्र |
||
| 999 |
_c14777 _d14777 |
||